00473 2200193 4500001002100000005001500021035002000036008004100056245004900097100002000146250000600166260003600172300001100208084001400219082000800233650001400241990001200255990001200267INLIS00000000000035420240503082811 a0010-0424000330240503 0 ind 1 aMengenal Ekspor dan Import /cAgung Feryanto aFeryanto, Agung a1 aJakarta :bCempaka Putih,c2015 a60 hlm a600 AGU m a600 4aNon Fiksi a0728689 a0728690